000 00807nac a22002417a 4500
001 BR7704020
003 BR-BrBNA
005 20240105114118.0
008 230509b bl.|||m| |||| 00| 0 por d
040 _aBR-BrBNA
_bpor
_cBiblioteca Nacional de Agricultura
072 _aL10
090 _a5212 BR7704020
110 1 _aAssociacao Brasileira de Criadores da Raca Simental, Cachoeiro de Itapemirim, ES
_9236
245 1 _aHerd-Book Brasileiro da Raca Simental - 1977 [Registro genealogico]
260 3 _aCachoeiro de Itapemirim, ES (Brasil):
_c1977.
300 _a76 p.
490 _aHerd - Book Brasileiro da Raca Simental (Brazil)
_v
_x
650 _aGADO SIMMENTAL
650 _aRACA
650 _aREGISTRO GENEALOGICO
909 _a202312
_bLúcia Elande
_c55
_dLúcia Elande
942 _2AGRIS
_n0
_cMS
999 _c267447
_d267447